000 00413nam a2200181Ia 4500
003 0STCL
008 150530s9999 xx 000 0 und d
040 _aSTCL
_cSTCL
100 _aHabib Valapad
245 _aOrammayum Randu Makkalum
250 _a1
260 _bKerala Book House ; Cranganore
_c1966
300 _a0
546 _aMalayalam
942 _2ddc
_cBK
999 _c77781
_d77781
005 20220125171651.0